Estudio de factibilidad para la aplicación industrial de decorado de jarros mediante la técnica de sandblasting, en la empresa Cerámica Andina

Un proyecto dentro de la industria surge como respuesta a la concepción de una idea que busca la solución de un problema o la forma de aprovechar una oportunidad de negocio. Así, bajo la estructura de la formulación de un proyecto, se decide establecer un estudio de factibilidad, para la Aplicación...

Full description

Bibliographic Details
Main Author: Jadán Avilés, Diana Carolina
Format: Thesis Book
Subjects:
Online Access:http://nas.ucuenca.edu.ec/BibliotecaDigital/ebooks/tn295.pdf

MARC

LEADER 00000cam a2200000 a 4500
003 Ucuenca
005 20230308194619.0
008 009010|2009 ec ||||||||r|||||||||||spa||
040 |b spa 
041 0 |a es 
082 1 |a .  |c TN-295 
100 1 |a Jadán Avilés, Diana Carolina  |9 153484 
245 |a Estudio de factibilidad para la aplicación industrial de decorado de jarros mediante la técnica de sandblasting, en la empresa Cerámica Andina  |c Diana Carolina Jadán Avilés. Director James Arias Cisneros  |h cd 
264 |a Cuenca  |c 2009 
300 |a 214 páginas:  |b ilu  |c 18 cm 
502 |a Ingeniero Industrial  |b Universidad de Cuenca  |c qui  |d Arias Cisneros, James Marlon, dir. 
504 |a incl. ref. 
520 3 |a Un proyecto dentro de la industria surge como respuesta a la concepción de una idea que busca la solución de un problema o la forma de aprovechar una oportunidad de negocio. Así, bajo la estructura de la formulación de un proyecto, se decide establecer un estudio de factibilidad, para la Aplicación Industrial de Decorado de Jarros Mediante la Técnica de Sandblasting, en la empresa Cerámica Andina. C.A. Dentro de este estudio de factibilidad, los componentes más importantes serán el estudio técnico y el estudio financiero, presentándose aquí los conceptos más importantes para, dentro de una propuesta, esquematizar de manera óptima la decisión tomada a la finalización de este trabajo. La técnica de decorado de cerámica mediante la tecnología sandblasting, es aplicada en el país a nivel artesanal, lo que impide que el producto sea cabalmente conocido por un mercado potencial que siempre estará dispuesto a pagar más por un mejor producto. Como parte central de este estudio, se presenta la EXPERIMENTACIÓN FACTORIAL, que permitirá determinar los parámetros perfectamente adecuados para proceder con esta técnica y obtener los mejores resultados en cuanto a acabado sobre el jarro se refiere, interfiriendo sobre las variables que intervienen dentro d este proceso de decorado. Así, el objetivo de este trabajo será determinar la rentabilidad que ofrezca una producción a nivel industrial de jarros decorados mediante la técnica mencionada, pues a la consideración de la Alta Gerencia este valor agregado abrirá muchas puertas del mercado en cuanto al campo publicitario y promocional se refiere. 
650 0 |a Tecnica decorado  |9 229817 
650 0 |a Decorado de jarros  |9 153486 
650 0 |a Cerámica  |9 2009 
650 0 |a Tesis en ingenieria industrial  |9 134862 
852 |a UC-CDJBV  |f Donación  |l 1  |m Limitada  |p 20090100  |q 1,00  |t TN-160  |b 1  |d CDRC  |e CDRC  |g  ESTANTERIA CERRADA  |z 2009-90-10 
856 |u http://nas.ucuenca.edu.ec/BibliotecaDigital/ebooks/tn295.pdf 
942 |c TS  |2 ddc 
999 |c 86621  |d 86621